Aventura - Brindo con agua lyrics - Statistics

General Stats
  • This quiz has been taken 5 times
  • The average score is 39 of 44
Answer Stats
Hint Answer % Correct
Y delante de mis hijos … a mi mujer agarré
100%
Brindo con ... por mi condena agua
100%
… night, … problem, ¿cómo vas a permitir another
100%
De … noche cuando me atreví a pecar aquella
100%
Me … y perdón le pido a Dios (ah-ah-ah-ah) arrepiento
100%
Yo llegué bien … una noche cualquiera borracho
100%
Y quiero que en mi … todo se haga a mi manera casa
100%
Soy … de los actos y de mi error causante
100%
…. el piso la tiré y con temor me gritaba Contra
100%
There's no denying que el … es la botella (ay, ay, ay, ay) dilema
100%
Me arrepiento y perdón le pido a … Dios
100%
Y a mis niños el … que les daba ejemplo
100%
Por el romo y las dudas que me … poco a poco envuelven
100%
Soy causante de los actos y de mi … (ah-ah-ah) error
100%
Oye, primo mío, gracias por … escuchar
100%
Y mi … he destrozado familia
100%
The … are crying, dime qué dirán de ti (ay, ay, ay, ay) kids
100%
Que a ella no le pegara y ahí mi mano … levanté
100%
Y ahogado en el licor, sin sentido, como un … loco
100%
Y en tus manos una noche va a … morir
100%
Por estar de machista mi … me ha dejado mujer
100%
Pero …, … me quiero ni recordar no
100%
…, oye, ¿por qué le pegas, si ella a ti no ha hecho nada? Papi
100%
Papi, oye, ¿por qué le …, si ella a ti no ha hecho nada? pegas
100%
Your wifey loves you, no te … una querella (ay, ay, ay, ay) pone
100%
… mío, me avergüenzo Primo
100%
Todos los … que al fin yo he creado problemas
100%
… solo, ¿y cómo borro esas palabras? Quedé
100%
Siempre cuando bebo me creo … Superman
100%
Que ese … por tus venas te afecte así? (Ay, ay, ay, ay) whisky
100%
Que ese whisky por tus venas te … así? (Ay, ay, ay, ay) afecte
67%
Que ese whisky por tus venas te … así? (Ay, ay, ay, ay) afecte
67%
Quedé solo, ¿y cómo … esas palabras? (Ah) borro
67%
There's no denying que el dilema es la … (ay, ay, ay, ay) botella
67%
There's no denying que el dilema es la … (ay, ay, ay, ay) botella
67%
The kids are crying, … qué dirán de ti (ay, ay, ay, ay) dime
67%
The kids are crying, … qué dirán de ti (ay, ay, ay, ay) dime
67%
Cuan cobarde y sin clemencia yo a su madre … maltrataba
67%
Another night, another problem, ¿cómo vas a … permitir
67%
Another night, another problem, ¿cómo vas a … permitir
67%
Your … loves you, no te pone una querella (ay, ay, ay, ay) wifey
67%
Your … loves you, no te pone una querella (ay, ay, ay, ay) wifey
67%
Y en tus manos una … va a morir noche
33%
Y en tus manos una … va a morir noche
33%
No matching quizzes found
Score Distribution
Percent of People with Each Score
Percentile by Number Answered
Your Score History
You have not taken this quiz